نماہندہ اردو افسانے / (Record no. 172558)

MARC details
000 -LEADER
fixed length control field 00461nam a22001697a 4500
005 - DATE AND TIME OF LATEST TRANSACTION
control field 20200207101305.0
010 ## - LCCN (DPL NO)
LC control number A-678156
020 ## - INTERNATIONAL STANDARD BOOK NUMBER
International Standard Book Number 8171210902
Terms of availability 75.00
035 ## - SYSTEM CONTROL NUMBER
System control number A-678156
037 ## - SOURCE OF ACQUISITION
Source of stock number/acquisition BPPD/Pub.
082 ## - DEWEY DECIMAL CLASSIFICATION NUMBER
Classification number ک
245 ## - TITLE STATEMENT
Title نماہندہ اردو افسانے /
Statement of responsibility, etc قمر رہیس
246 ## - VARYING FORM OF TITLE
Title proper/short title Numainda Urdu Afsane /
Remainder of title by Qamar Raees
260 ## - PUBLICATION, DISTRIBUTION, ETC. (IMPRINT)
Place of publication, distribution, etc Delhi
Name of publisher, distributor, etc Urdu Academy
Date of publication, distribution, etc 1994 ء
300 ## - PHYSICAL DESCRIPTION
Extent 426p.
Dimensions 21cm(Hb)
942 ## - ADDED ENTRY ELEMENTS (KOHA)
Source of classification or shelving scheme Dewey Decimal Classification
Item type Urdu Bks
Classification part ک
Call number suffix ق م ر
Holdings
Withdrawn status Lost status Not for loan Collection code Home library Current library Date acquired Source of acquisition Cost, normal purchase price Full call number Barcode Copy number Cost, replacement price Koha item type
      Non-fiction Central Library Central Library 07/02/2020 BPPD/Ven. 75.00 ک ق م ر A-678156 1 75.00 Urdu Bks

© Delhi Public Library
Hit Counter
free hit counter